[Event "56th Biel GM 2023"]
[Site "Biel SUI"]
[Date "2023.07.26"]
[Round "7.1"]
[White "Navara, David"]
[Black "Le, Quang Liem"]
[Result "1/2-1/2"]
[WhiteTitle "GM"]
[BlackTitle "GM"]
[WhiteElo "2689"]
[BlackElo "2728"]
[WhiteFideId "309095"]
[BlackFideId "12401137"]
[EventDate "2023.07.18"]

1. c4 e6 2. g3 d5 3. Bg2 Nf6 4. Nf3 dxc4 5. Qa4+ Bd7 6. Qxc4 c5 7. Ne5 Qc8 8.
Nc3 Nc6 9. Nxd7 Qxd7 10. a4 Be7 11. a5 O-O 12. O-O Rac8 13. d3 Rfd8 14. Be3 Nb4
15. Qb5 Nc2 16. Bxb7 Rb8 17. a6 Nxa1 18. Rxa1 Nd5 19. Qxd7 Rxd7 20. Bc6 Rdd8 21.
Bb7 Rd7 22. Bc6 Rdd8 23. Nb5 Rxb5 24. Bxb5 Rb8 25. Bc4 Nxe3 26. fxe3 Rxb2 27.
Ra5 h5 28. Kf2 g6 29. Rb5 Rxb5 30. Bxb5 Bd8 31. Kf3 Kf8 32. h4 Ke7 33. e4 Bc7
34. Ba4 Bd8 35. Bb5 Bc7 36. Ba4 Bd8 37. Bb5 Bc7 1/2-1/2

[Event "56th Biel GM 2023"]
[Site "Biel SUI"]
[Date "2023.07.26"]
[Round "7.2"]
[White "Amin, Bassem"]
[Black "Yu, Yangyi"]
[Result "1/2-1/2"]
[WhiteTitle "GM"]
[BlackTitle "GM"]
[WhiteElo "2694"]
[BlackElo "2735"]
[WhiteFideId "10601457"]
[BlackFideId "8603820"]
[EventDate "2023.07.18"]

1. e4 e5 2. Bc4 Nf6 3. Nc3 Bc5 4. d3 c6 5. Nf3 d6 6. O-O O-O 7. h3 Nbd7 8. a3
Bb6 9. Ba2 Re8 10. Re1 Nf8 11. Be3 Be6 12. d4 Bxa2 13. Rxa2 exd4 14. Bxd4 Ba5
15. b4 Bb6 16. Ra1 Ne6 17. Bxb6 axb6 18. a4 Qc7 19. Qd3 Rad8 20. Rad1 Nf4 21.
Qd2 Ne6 22. Qd3 Nf4 23. Qd2 Ne6 24. Qd3 Nf4 1/2-1/2

[Event "56th Biel GM 2023"]
[Site "Biel SUI"]
[Date "2023.07.26"]
[Round "7.4"]
[White "Moussard, Jules"]
[Black "Deac, Bogdan-Daniel"]
[Result "1/2-1/2"]
[WhiteTitle "GM"]
[BlackTitle "GM"]
[WhiteElo "2654"]
[BlackElo "2693"]
[WhiteFideId "642908"]
[BlackFideId "1226380"]
[EventDate "2023.07.18"]

1. e4 e5 2. Nf3 Nc6 3. Bb5 Nf6 4. d3 Bc5 5. Bxc6 dxc6 6. Nbd2 Nd7 7. O-O O-O 8.
Nc4 f6 9. Nh4 Rf7 10. Kh1 Nf8 11. Be3 Ne6 12. Bxc5 Nxc5 13. Ne3 g6 14. g3 a5 15.
Qe1 Bh3 16. Rg1 f5 17. Qc3 Qd4 18. exf5 Qxc3 19. bxc3 Bxf5 20. Nhxf5 gxf5 21. g4
fxg4 22. Nxg4 Kh8 23. Rae1 Nd7 24. Nxe5 Nxe5 25. Rxe5 Rxf2 26. Rg2 Rf1+ 27. Rg1
Rf2 28. Rg2 Rf1+ 29. Rg1 Rf2 1/2-1/2